LEADER 01317nam a2200325 u 4500 001 000000008808 003 CaOOAMICUS 005 20070226105132.0 008 940516s1989 it f u000 u ita u 020 $a8842033847 035 $a10226300 040 $aPUL(R)$bita 041 1 $aita$heng 100 1 $aBurkert, Walter,$d1931-$0(OLS)http://pul/name/1588 240 10$aAncient Mistery Cults.$lItaliano.$0(OLS)http://pul/title/12897 245 10$aAntichi culti misterici /$cWalter Burkert. 260 $aRoma :$bLaterza,$c1989. 300 $aviii, 225 p. :$bill. ;$c21 cm 490 1 $aCollezione storica 504 $aBibliografia: p. [201]-217. 650 4$aReligione greca.$0(OLS)http://pul/subject/1705 650 4$aMisteri (riti segreti d'iniziazione)$xReligioni orientali.$0(OLS)http://pul/subject/7395 830 0$aCollezione storica (Editori Laterza).$0(OLS)http://pul/title/118 850 $aPUL 852 $aPUL$W1$xDP1 Cons. Gen., Altre Classi 1$y22$m780 F 10$j12435$nBK-PRI$b $qStampati$B12435$CPULBib$Z2$F12435 $H $81 941 1 $a8 961 $aINV: 63634 996 $6020$a8842033847$9(OLS)http://pul/number/11348 996 $6245$aAntichi culti misterici$9(OLS)http://pul/title/12898 996 $6260$aRoma :$bLaterza$9(OLS)http://pul/publisher/47864 LEADER 01400nam a2200289 a 4500 001 000000144034 003 CaOOAMICUS 005 20150612093428.0 008 150612m19771978it u000 u ita r 040 $aPUL$bita 130 0 $aBiblia.$pV.T.$pPsalmi.$lItaliano.$0(OLS)http://pul/title/3209 245 10$aSalmi /$cversione, introduzione, note di Angelo Lancellotti. 260 $aRoma :$bPaoline,$c1977-78. 300 $a2 v. ;$c18 cm 490 1 $aNuovissima versione della Bibbia dai testi originali ;$v18 505 0 $aV. 1. Introduzione generale. Libro I: 1-41. -- v. 2. Libro II: 42-72. Libro III: 73-89. 630 04$aBiblia.$pV.T.$pPsalmi$xCritica e interpretazione.$0(OLS)http://pul/subject/633 700 1 $aLancellotti, Angelo,$cO.F.M.$0(OLS)http://pul/name/9288 830 0$aNuovissima versione della Bibbia dai testi originali ;$v18.$0(OLS)http://pul/title/10489 850 $aPUL 852 $aPUL$W1$xDP1 Fondo S. Lanza$y121$m3 B 93.18.1$j166087$av. 1$qFondi$B166589$CPULBib$Z2$F166589 $HLan489 $82 852 $aPUL$W1$xDP1 Fondo S. Lanza$y121$m3 B 93.18.2$j166088$av. 2$qFondi$B166590$CPULBib$Z2$F166590 $HLan490 $82 941 1 $a1 961 $aNota ms. di possesso: Sergio Lanza 996 $6245$aSalmi$9(OLS)http://pul/title/42577 996 $6260$aRoma :$bPaoline$9(OLS)http://pul/publisher/50842